00371nam a22001457a 4500003000700000005001700007008004100024082002100065100002300086245003100109260002800140300000800168490003200176650001700208MPLRDC20220104123449.0210129b ||||| |||| 00| 0 eng d a857.623 YHGQ v.5 a张高雄总编辑 a世界各国奇异故事c ab阳铭出版社c1990 b平 a瀛寰鬼奇世界探秘. 5 a灵异小说